00433nam a2200157 a 450000100060000000300090000600800410001502000150005604000280007108200160009910000270011524500320014226000630017430000110023765000270024817072CO-ViMGA141112s2004 ck r 000 u spa d a9586555240 aCO-ViMGAbspacCO-ViMGA04a559.4 M856m1 aMuñoz Arango, Javier10aLos Murcielagos de Colombia aMedellín (Antioquia), cUniversidad de Antioquia, c2001 a391.p.14aMURCIELAGOS - COLOMBIA